10 Largest European Cities for Each Letter on a Map - Statistics

General Stats
  • This quiz has been taken 199 times
  • The average score is 129 of 260
Answers on the Map
Answers color-coded by a green-red scale on the quiz's map according to % correct below.
 
Answer Stats
Letter Country City Pop % Correct
A Greece Athens 637k
97%
B Hungary Budapest 1.67 mil
97%
D Ireland Dublin 611k
97%
P France Paris 2.08 mil
97%
R Italy Rome 2.76 mil
97%
A Netherlands Amsterdam 938k
96%
B Spain Barcelona 1.68 mil
96%
L United Kingdom London 9.01 mil
96%
O Norway Oslo 717k
96%
B Germany Berlin 3.67 mil
95%
B Romania Bucharest 1.67 mil
95%
H Finland Helsinki 680k
95%
L Portugal Lisbon 543k
95%
S Sweden Stockholm 983k
95%
M Spain Madrid 3.4 mil
94%
M Italy Milan 1.38 mil
94%
N Italy Naples 907k
94%
S Russia Saint Petersburg 5.82 mil
94%
C Denmark Copenhagen 674k
93%
G United Kingdom Glasgow 625k
93%
K Ukraine Kyiv 1.1 mil
93%
M United Kingdom Manchester 487k
93%
E United Kingdom Edinburgh 502k
92%
M France Marseille 881k
92%
M Russia Moscow 13.42 mil
92%
S Bulgaria Sofia 1.2 mil
92%
V Austria Vienna 2.04 mil
92%
R Latvia Riga 596k
91%
W Poland Warsaw 1.86 mil
91%
B United Kingdom Birmingham 1.15 mil
90%
H Germany Hamburg 1.83 mil
90%
T Estonia Tallinn 451k
90%
Z Croatia Zagreb 656k
90%
B Serbia Belgrade 1.2 mil
89%
F Italy Florence 365k
89%
L United Kingdom Liverpool 514k
89%
P Czech Republic Prague 1.31 mil
89%
T Italy Turin 846k
89%
I Turkey Istanbul 15.55 mil
88%
M Belarus Minsk 1.99 mil
88%
Z Switzerland Zurich 438k
88%
F Germany Frankfurt am Main 761k
87%
R Netherlands Rotterdam 674k
87%
T Albania Tirana 424k
87%
V Lithuania Vilnius 608k
87%
L France Lyon 528k
86%
N France Nice 352k
86%
O Ukraine Odessa 1.01 mil
86%
P Italy Palermo 626k
86%
C United Kingdom Cardiff 354k
85%
G Italy Genoa 562k
85%
K Poland Kraków 808k
85%
V Spain Valencia 819k
85%
G Sweden Gothenburg 600k
84%
S Spain Seville 684k
84%
C Germany Cologne 1.02 mil
83%
G Poland Gdańsk 488k
83%
M Germany Munich 1.51 mil
83%
T Greece Thessaloniki 308k
83%
L United Kingdom Leeds 553k
82%
T France Toulouse 525k
82%
A Belgium Antwerp 550k
81%
D Germany Dresden 569k
81%
N United Kingdom Newcastle upon Tyne 293k
81%
B Slovakia Bratislava 479k
80%
E Germany Essen 572k
80%
S Germany Stuttgart 616k
80%
C Moldova Chișinău 462k
79%
D Germany Dusseldorf 617k
79%
B United Kingdom Bristol 441k
78%
K Ukraine Kharkiv 1 mil
77%
L Ukraine Lviv 713k
77%
T Netherlands The Hague 570k
77%
Z Spain Zaragoza 686k
77%
L Germany Leipzig 622k
76%
A Denmark Aarhus 301k
75%
N Germany Nuremberg 531k
75%
D Germany Dortmund 605k
74%
H Germany Hanover 515k
74%
N France Nantes 336k
74%
D Ukraine Donetsk 800k
73%
K Russia Kaliningrad 508k
73%
M Spain Málaga 596k
73%
B Germany Bremen 583k
72%
I Austria Innsbruck 133k
72%
L Poland Łódź 645k
72%
G Austria Graz 308k
71%
P Spain Palma 436k
71%
U Netherlands Utrecht 377k
71%
Y United Kingdom York 143k
68%
D Ukraine Dnipro 959k
67%
N United Kingdom Nottingham 306k
67%
R Russia Rostov-on-Don 1.16 mil
67%
W Poland Wrocław 674k
66%
S Russia Sochi 502k
65%
G Belgium Ghent 272k
64%
S Russia Sevastopol 538k
64%
A Germany Aachen 267k
63%
N Russia Nizhny Novgorod 1.22 mil
63%
U Russia Ufa 1.17 mil
63%
L United Kingdom Leicester 422k
62%
U Sweden Uppsala 236k
62%
V Russia Volgograd 1.03 mil
61%
A Spain Alicante 362k
60%
C Italy Catania 297k
60%
E Netherlands Eindhoven 250k
60%
T Finland Tampere 260k
60%
K Russia Kazan 1.36 mil
59%
N Serbia Novi Sad 266k
59%
M Spain Murcia 475k
58%
E Finland Espoo 321k
55%
P Poland Poznań 535k
55%
C United Kingdom Coventry 355k
54%
P Russia Perm 1.05 mil
54%
R France Rennes 232k
54%
O Finland Oulu 217k
53%
P Bulgaria Plovdiv 328k
53%
R Germany Rostock 204k
53%
S Russia Samara 1.18 mil
53%
C Spain Córdoba 327k
52%
K Russia Krasnodar 1.2 mil
52%
U Germany Ulm 130k
52%
W United Kingdom Wolverhampton 238k
52%
A Germany Augsburg 301k
51%
D Hungary Debrecen 196k
51%
I United Kingdom Ipswich 154k
51%
F Germany Freiburg im Breisgau 239k
49%
G Belarus Gomel 497k
49%
O Denmark Odense 185k
49%
O Czech Republic Ostrava 277k
49%
D Germany Duisburg 505k
47%
I Romania Iași 266k
47%
J Spain Jerez de la Frontera 215k
47%
V Russia Voronezh 1.08 mil
47%
Z Ukraine Zaporizhia 500k
47%
A Russia Arkhangelsk 288k
44%
G Spain Gijón 269k
44%
J Sweden Jönköping 134k
44%
Q France Quimper 64k
44%
W Germany Wuppertal 360k
44%
O Spain Oviedo 218k
42%
S Russia Saratov 920k
41%
A Russia Astrakhan 463k
40%
E Turkey Edirne 185k
40%
E Germany Erfurt 222k
40%
H Netherlands Haarlem 168k
40%
H Germany Halle 226k
40%
R United Kingdom Reading 211k
40%
D United Kingdom Derby 283k
39%
G Russia Grozny 345k
39%
J Spain Jaén 112k
39%
J Germany Jena 111k
39%
T Russia Tula 466k
38%
U Sweden Umeå 121k
38%
V Russia Vladimir 351k
38%
E Spain Elche 241k
37%
I Germany Ingolstadt 139k
37%
K Russia Kursk 447k
37%
U Italy Udine 99k
36%
V Belarus Vitebsk 356k
36%
F Italy Ferrara 129k
35%
G Belarus Grodno 361k
35%
H Germany Heidelberg 155k
35%
O Russia Orenburg 542k
35%
Y Russia Yaroslavl 573k
35%
W Germany Wiesbaden 288k
33%
W Germany Wolfsburg 129k
33%
Y Russia Yalta 73k
32%
F Italy Foggia 145k
31%
K Ukraine Kryvyi Rih 587k
31%
M Russia Makhachkala 638k
31%
R Russia Ryazan 530k
31%
T Russia Tver 420k
31%
T Russia Tolyatti 675k
30%
F Germany Flensburg 98k
29%
I Russia Ivanovo 349k
29%
J Finland Jyväskylä 149k
29%
L Russia Lipetsk 493k
29%
U Russia Ulyanovsk 618k
29%
X Greece Xanthi 60k
28%
Z Netherlands Zwolle 129k
28%
E Netherlands Enschede 151k
27%
I Ukraine Ivano-Frankivsk 242k
27%
W United Kingdom Watford 137k
27%
W Switzerland Winterthur 121k
27%
W Germany Würzburg 133k
27%
S Russia Stavropol 592k
26%
V Ukraine Vinnytsia 369k
26%
K Russia Kaluga 341k
25%
P Russia Penza 496k
25%
P Ukraine Poltava 274k
24%
R Ukraine Rivne 242k
24%
F Italy Forlì 118k
23%
I Russia Izhevsk 622k
23%
K Russia Kirov 467k
23%
W United Kingdom Warrington 178k
23%
Z Ukraine Zhytomyr 258k
23%
O Russia Oryol 299k
22%
C Turkey Çorlu 320k
21%
F Germany Fürth 134k
21%
H Germany Hamm 180k
21%
V Russia Vologda 318k
21%
R Poland Rzeszów 198k
20%
X Germany Xanten 21k
20%
C Russia Cheboksary 511k
19%
H Germany Hagen 190k
19%
O Germany Oberhausen 213k
19%
U Ukraine Uzhhorod 115k
19%
J Finland Joensuu 78k
17%
N Russia Novorossiysk 268k
17%
U Czech Republic Ústí nad Labem 88k
17%
H Germany Herne 156k
16%
Z Poland Zielona Góra 139k
16%
F Spain Fuenlabrada 186k
15%
Z Poland Zabrze 152k
15%
Z Netherlands Zoetermeer 129k
15%
E Russia Engels 232k
14%
N Russia Naberezhnye Chelny 559k
14%
Z Netherlands Zaanstad 154k
14%
H Ukraine Horlivka 175k
13%
Q Italy Quartu Sant'Elena 68k
13%
Y Russia Yevpatoria 108k
13%
Y Russia Yoshkar-Ola 291k
13%
Q Portugal Queluz 72k
12%
C Russia Cherepovets 303k
11%
E Russia Elektrostal 144k
11%
I Germany Iserlohn 91k
11%
J Poland Jelenia Góra 74k
11%
P Russia Podolsk 333k
11%
Q Germany Quedlinburg 23k
11%
A Turkey Arnavutköy 281k
9%
F Denmark Frederiksberg 107k
9%
V Russia Volzhsky 320k
9%
X Spain Xàtiva 31k
9%
B Russia Balashikha 573k
8%
D Russia Dzerzhinsk 212k
8%
Q France Quimperlé 15k
7%
J Poland Jastrzębie-Zdrój 81k
6%
U Belgium Uccle 87k
6%
J Poland Jaworzno 86k
5%
Q Germany Quickborn 22k
5%
Y Russia Yessentuki 125k
5%
Y Russia Yeysk 82k
5%
Q Portugal Quarteira 18k
4%
Y Russia Yelets 97k
4%
O Russia Odintsovo 193k
3%
Q Germany Quakenbrück 14k
3%
Q UK Quedgeley 22k
3%
X Malta Xagħra 5k
3%
X Malta Xewkija 3k
3%
X Malta Xgħajra 2k
3%
X Spain Xirivella 32k
3%
I Russia Ivanteyevka 90k
2%
X Spain Xeraco 6k
2%
X Greece Xylokastro 12k
2%
Y Russia Yelabuga 74k
2%
J Sweden Järfälla 85k
1%
Q Germany Quierschied 13k
1%
Y Russia Yegoryevsk 72k
1%
X Greece Xilopoli 1k
0%
No matching quizzes found
Score Distribution
Percent of People with Each Score
Percentile by Number Answered
Your Score History
You have not taken this quiz